000 00636nam a2200241Ia 4500
003 OSt
005 20220918193805.0
006 a|||||r|||| 00| 0
007 ta
008 220917b |||||||| |||| 00| 0 eng d
024 _a75,544
037 _cTextual
040 _aARTS
_cARTS
_beng
041 _2eng
_aeng
082 _aR65,1, N0 P15
100 _aSatya Parkash Singh
_982547
245 0 _aPhilosophy of dirghatemas
260 _aDelhi
_bShree Pub House
_c1990
300 _a192p.
_ccm.
650 _aVEDAS - RIGVED
942 _hR65,1, N0 P15
_cTEXL
_2CC
999 _c200289
_d200289